=LDR 00000nam 2200000 4500 =001 000479 =005 20250710094013 =035 ##$$a 0010-0725000341 =007 ta =008 250710################a##########0#ind## =020 ##$$a 978-623-472-157-7 =082 ##$$a 398.209 598 =084 ##$$a 398.209 598 JIM a =100 #$$a Jimo, Canato =245 1#$$a Asamo, Kamukah Itu? /$c Canato Gimo, Ogin Nayam =250 ##$$a 398.209 598 =260 ##$$a Jakarta :$b Badan Pengembangan dan Pembinaan Bahasa,$c 2022 =300 ##$$a 28 hlm. : $b Ilus. ; $c 22,9 cm =650 #4$$a CERITA ANAK INDONEAIA-TERJEMAHAN =650 #4$$a LITERASI-BAHAN BACAAN =990 ##$$a TBM02300230